Well known Countries, Peninsulas, Islands, and Lakes - Statistics

General Stats
  • This quiz has been taken 28 times
  • The average score is 15 of 20
Answer Stats
Bordering Country/Water Continent Hint Answer % Correct
US, Denmark North America Country Canada
100%
Malaysia, East Timor,Papua New Guinea Asia Country Indonesia
100%
Sweden, Finland, Russia Europe Country Norway
95%
China, Lithuania, etc... Asia Country Russia
95%
Kenya, Djibouti, Ethiopia Africa Country Somalia
95%
Pacific Ocean North America Peninsula Baja California
86%
Gulf of Mexico North America Peninsula Yucatan
86%
US, Canada North America Lake Superior
81%
Tanzania, Kenya, Uganda Africa Lake Victoria
81%
-Caribbean Sea North America Island Cuba
76%
Mediterranean Sea Europe Peninsula Italy
71%
US, Canada North America Lake Ontario
71%
Russia Asia Lake Baikal
67%
Malawi, Mozambique, Tanzania Africa Lake Malawi
67%
-Pacific Ocean Asia Island Honshu
62%
South China Sea Asia Peninsula Indochina
62%
-Pacific Ocean North America Island Hawaii
57%
Indian Ocean Asia Peninsula Arabian
52%
-Philippines Sea Asia Island Borneo
48%
-Indian Ocean Asia Island Java
33%
No matching quizzes found
Score Distribution
Percent of People with Each Score
Percentile by Number Answered
Your Score History
You have not taken this quiz